Biblioteca

El por qué de la mayordomía / Taito A. Kantonen ; Leopoldo Cabán, Traductor (Registro nro. 36858)

Detalles MARC
000 -LÍDER
Campo fijo de descripción fija 005590000a22001810004500
041 0# - CÓDIGO DE IDIOMA
Código de idioma para texto/pista de sonido o título separado
082 04 - NÚMERO DE CLASIFICACIÓN DECIMAL DEWEY
Número de clasificación G 254 K1683p
001 - NÚMERO DE CONTROL
Campo de control 6590
100 1# - ASIENTO PRINCIPAL--NOMBRE PERSONAL
Nombre personal Kantonen, Taito A. (Almar) (1900-)
245 10 - TÍTULO
Título del Material El por qué de la mayordomía / Taito A. Kantonen ; Leopoldo Cabán, Traductor
260 ## - PUBLICACIÓN, DISTRIBUCIÓN, ETC. (PIE DE IMPRENTA)
Lugar de publicación, distribución, etc. Rio Piedras, Puerto Rico : La Reforma
300 ## - DESCRIPCIÓN FÍSICA
Extensión 144 Pag
336 ## - CONTENT TYPE
Content type term texto
Content type code txt
Source rdacontent
337 ## - MEDIA TYPE
Source rdamedia
Media type term sin mediación
Media type code n
338 ## - CARRIER TYPE
Source rdacarrier
Carrier type term volumen
Carrier type code nc
500 ## - NOTA GENERAL
Nota General Título original : A theology for christian stewardship
942 ## - TIPO DE MATERIAL (KOHA)
Tipo de Item KOHA Libros General
Existencias
Estado de Material Estado de Perdido Estado de Dañado No para Préstamo Colección Tomo Biblioteca de Origen Biblioteca Permanente Fecha de Adquisición Total de Préstamos Signatura Topográfica Código de Barras Última vez visto Última vez Préstado Ejemplar/Existencia Fecha de Remplazo Tipo de Material
        Colección General   Biblioteca FUSBC Biblioteca FUSBC 04/01/2005 1 G 254 K1683p 5512 30/10/2025 24/10/2025 1 26/01/2016 Libros General

Biblioteca FUSBC | Teléfono: (57+4) 349 88 10 Ext. 141| WhatsApp (+57) 3005338115 
E-mail: biblioteca@unisbc.edu.co | Calle 76 87-14 Robledo Palenque, Medellín, Colombia

Con tecnología Koha